000 00461nam a2200145Ia 4500
008 090122s9999 xx 000 0 und d
082 _b3888
_a891.463
100 _aलागू
_bचितंामणी
245 _aकशासाठी पोटासाठी
600 _aलागू
630 _aकशासाठी पोटासाठी
700 _aलागू
730 _aकशासाठी पोटासाठी
942 _cBOOK
999 _c27966
_d27966